Library Logo

Pioneer International University Library Catalogue

Waveforms (Record no. 1305)

MARC details
000 -LEADER
fixed length control field 00256nam a22000977a 4500
005 - DATE AND TIME OF LATEST TRANSACTION
control field 20250901165252.0
008 - FIXED-LENGTH DATA ELEMENTS--GENERAL INFORMATION
fixed length control field 210303b ||||| |||| 00| 0 eng d
050 ## - LIBRARY OF CONGRESS CALL NUMBER
Classification number QC601
245 ## - TITLE STATEMENT
Title Waveforms
Statement of responsibility, etc. CHANCE, BRITTON
942 ## - ADDED ENTRY ELEMENTS (KOHA)
Source of classification or shelving scheme Library of Congress Classification
Classification part QC601 .C43 1949
Holdings
Withdrawn status Lost status Source of classification or shelving scheme Damaged status Not for loan Home library Current library Shelving location Date acquired Total checkouts Full call number Barcode Date last seen Price effective from Koha item type
    Library of Congress Classification     Main Library Main Library   03/03/2021   QC601 .B35 1947 PIU0190211 03/03/2021 03/03/2021 Books